REITs (Record no. 77182)

MARC details
000 -LEADER
fixed length control field 00941cab a2200217 4500
001 - CONTROL NUMBER
control field ##L133737
008 - FIXED-LENGTH DATA ELEMENTS--GENERAL INFORMATION
fixed length control field 060607n2006 000 0 eng u
035 ## - SYSTEM CONTROL NUMBER
System control number (Sirsi) u133737
041 0# - LANGUAGE CODE
Language code of text/sound track or separate title eng
100 1# - MAIN ENTRY--PERSONAL NAME
Personal name Vanderspar, Cathryn
245 00 - TITLE STATEMENT
Title REITs
Remainder of title detailing the march forward
260 ## - PUBLICATION, DISTRIBUTION, ETC.
Date of publication, distribution, etc. 2006
490 #0 - SERIES STATEMENT
Series statement Property Forecast
Volume/sequential designation 9(5) May 2006, 6(1)
520 ## - SUMMARY, ETC.
Summary, etc. Updates on the current position of REIT draft legislation. Comments on delays in finalising the criteria for REITs by HMRC, and the fact that much important detail will be contained in eleven sets of regulations. Discusses the changes contained in the Finance Bill and the proposed changes to the Listing Rules.
590 ## - LOCAL NOTE (RLIN)
Local note IKA200606
650 24 - SUBJECT ADDED ENTRY--TOPICAL TERM
Topical term or geographic name entry element FINANCE (NO 2) BILL 2006
650 24 - SUBJECT ADDED ENTRY--TOPICAL TERM
Topical term or geographic name entry element UNITED KINGDOM LISTING AUTHORITY LISTING RULES
651 #4 - SUBJECT ADDED ENTRY--GEOGRAPHIC NAME
Geographic name United Kingdom
Chronological subdivision
690 ## - LOCAL SUBJECT ADDED ENTRY--TOPICAL TERM (OCLC, RLIN)
Topical term or geographic name as entry element PROPERTY-PROPERTY FINANCE AND INVESTMENT-REAL ESTATE INVESTMENT TRUSTS
942 ## - ADDED ENTRY ELEMENTS (KOHA)
Suppress in OPAC 0
Holdings
Withdrawn status Lost status Source of classification or shelving scheme Damaged status Not for loan Home library Current library Shelving location Date acquired Total Checkouts Full call number Barcode Date last seen Copy number Price effective from Koha item type
    Dewey Decimal Classification     London London Journal article 07/06/2006   L133737 133737-1001 06/08/2019 1 06/08/2019 Journal article